[Event "Sofia MTel Masters 5th"]
[Site "Sofia"]
[Date "2009.05.19"]
[Round "6"]
[White "Dominguez Perez, Leinier"]
[Black "Wang, Yue"]
[Result "1/2-1/2"]
[WhiteElo "2717"]
[BlackElo "2738"]
[Annotator "Kritz,L"]
[PlyCount "80"]
[EventDate "2009.05.13"]
[EventType "tourn"]
[EventRounds "10"]
[EventCountry "BUL"]
[EventCategory "21"]
[SourceTitle "CBM 131"]
[Source "ChessBase"]
[SourceDate "2009.07.15"]
[SourceVersion "1"]
[SourceVersionDate "2009.07.15"]
[SourceQuality "1"]

1. e4 e5 2. Nf3 Nf6 3. Nxe5 d6 4. Nf3 Nxe4 5. Nc3 {Nachdem Schwarz sich in
fast allen Varianten der Russischen Partie erfolgreich verteidigt hat, greifen
die Spieler sehr oft zu dieser relativ harmlosen, aber auch absolut
risikofreien Abwicklung.} ({Die alte klassische Spielweise nach} 5. d4 d5 6.
Bd3 Nc6 7. O-O Be7 8. c4 Bf5 9. Nc3 Nb4 10. Be2 O-O 11. a3 Nxc3 12. bxc3 Nc6
13. Re1 Re8 14. cxd5 Qxd5 15. Bf4 Rac8 $11 {führt zu einer Stellung, die mit
Hilfe des Computers fast bis zum Ende ausanalysiert wurde und ein Ausgleich
als Diagnose festgestellt wurde.}) 5... Nxc3 (5... d5 $6 {Ein Versuch direkt
zu kontern endet mit Misserfolg:} 6. Qe2 Be7 7. Nxe4 dxe4 8. Qxe4 O-O 9. Bc4
Re8 10. Ne5 $1 $18) 6. dxc3 Be7 7. Be3 (7. Bf4 {ist eine parallele Variante,
in der die einfachste Methode auszugleichen dieselbe ist wie nach 7.Be3.} Nc6 {
Für Schwarz ist der Plan mit der langen Rochade der sicherste, um Ausgleich zu
erzielen.} 8. Qd2 Be6 9. O-O-O Qd7 10. Kb1 (10. h4 h6 11. g3 Bf6 12. Bg2 O-O-O
13. Kb1 Rhe8 14. Rhe1 Bg4 15. Qd5 Rxe1 16. Rxe1 Re8 $11 {Efimenko - Zhou
Jianchao (Al Ain, 2008)}) 10... O-O-O $1 {Ich denke, nach allen Experimenten
mit 10....a6, die sofortige Rochade ist der beste Zug. Weiß kann mittels Bb5
nichts rausholen, d.h. Schwarz braucht keine Zeit zu verlieren.} 11. Bb5 (11.
Ng5 Bxg5 12. Bxg5 f6 $11 {Efimenko - Sakaev (Kallithea, 2008)}) 11... a6 12.
Ba4 (12. Bxc6 Qxc6 13. Nd4 $6 Qxg2 14. Rhg1 Qd5 15. Nxe6 Qxd2 16. Bxd2 fxe6 17.
Rxg7 Bf6 $15) 12... Bf6 13. Bg5 (13. Nd4 Bd5 $11) 13... Bxg5 14. Qxg5 b5 15.
Bb3 f6 16. Bxe6 Qxe6 17. Qf4 (17. Qxg7 Rdg8 18. Qh6 Rxg2 19. Rhe1 Qf5 $11)
17... h5 18. h3 g5 $11 {Ivanchuk - Kramnik (Moscow, 2008)}) 7... Nc6 8. Qd2 Be6
(8... O-O 9. O-O-O Ne5 10. Kb1 Re8 (10... a6 11. Be2 Be6 12. Nd4 Nc4 13. Qd3
Nxe3 14. Nxe6 fxe6 15. Qxe3 e5 16. Bd3 $14 {Anand - Kramnik (Monte Carlo, 2005)
}) 11. h4 Bg4 12. Be2 Qc8 13. h5 Bf6 14. Nxe5 Bxe2 15. Qxe2 Bxe5 16. Qf3 $14 {
Bologan - Charbonneau (Turin, 2006)}) 9. O-O-O Qd7 10. Kb1 (10. h4 h6 11. Nd4 {
Typischerweise vereinfacht sich das Spiel nach dem Springertausch, sodass
Remis ein 99% Ergebnis ist.} (11. Kb1 O-O-O 12. Nd4 Nxd4 13. Bxd4 Rhg8 14. h5
c5 15. Be3 Qc6 $11 {Adams - Nielsen (Dortmund, 2005)}) (11. Bb5 a6 12. Ba4 b5 {
'!?'} 13. Bb3 Bf6 14. Bd5 O-O-O $1 $11 (14... Rb8 15. Kb1 Bxd5 16. Qxd5 $14 {
Zawadzka - Socko (Karpacz, 2008)} Ne7 17. Qd3 Qf5 $11 {Zawadzka - Socko 
(Karpacz, 2008)})) 11... Nxd4 12. Bxd4 (12. cxd4 d5 $11) 12... Rg8 13. c4 (13.
Bd3 c5 14. Be3 O-O-O $11 {Demnächst spielt Schwarz d5.}) 13... O-O-O $11 {
Dominguez Perez - Wang Yue (Linares, 2009)} (13... c5 $6 {In dieser Stellung
wäre das ein wenig zu optimistisch - die weißen Läufer werden viel bessere
Positionen einnehmen.} 14. Bc3 O-O-O 15. g3 $1 $14)) (10. Ng5 Bxg5 11. Bxg5 f6
12. Be3 O-O-O $11 {Der Vorteil des Läuferpaares ist nicht auszunutzen.}) (10.
Bb5 a6 11. Ba4 O-O 12. Rhe1 b5 13. Bb3 Na5 $1 (13... Bxb3 14. axb3 a5 15. Qd5
$14 {Karjakin - Kritz (Gothenburg, 2005)}) 14. Bxe6 fxe6 $132 15. b3 Nc6 $11)
10... Bf6 {Im selben Turnier aber früher spielte Wang Yue zuerst 10...a6 und
erst danach ...Bf6. Wahrscheinlich hat die Analyse gezeigt, dass man vor Bb5
keine Angst haben muss.} (10... a6 11. Be2 (11. Nd4 Nxd4 12. cxd4 d5 13. Bd3
Bf5 14. Rhe1 Bxd3 15. Qxd3 O-O $11 {Adams - Gashimov (Baku, 2008)}) 11... Bf6 {
Um allen Abwicklungen mit möglichem Nd4 aus dem Weg zu gehen.} (11... O-O-O 12.
Nd4 Nxd4 13. Qxd4 c5 (13... Bf6 14. Qa7 Qc6 15. Bf3 d5 16. Rhe1 Rhe8 17. c4 $14
) 14. Qxg7 Rdg8 15. Qh6 Qa4 (15... Rxg2 16. Bxc5 $16) 16. b3 Qa5 17. c4 Rxg2
18. Bf3 Rg6 19. Qf4 $14 {Die weißen Figuren stehen etwas besser.}) 12. Ng5 {
Weiß bleibt nichts anderes übrig, als in diese Stellung zu gehen, wo sein
Vorteil eher symbolischen Charakter hat.} (12. h4 h6 13. Rhe1 O-O-O 14. Nd4 $2
Bxh4 $15) (12. Rhe1 O-O-O 13. Nd4 Bxd4 $1 (13... Nxd4 14. Bxd4 Bxd4 15. Qxd4
Rhg8 (15... Kb8 16. Qxg7 Rhg8 17. Qxh7 Rxg2 18. Qh4 $16) 16. Qa7 c6 17. Rd4 $14
) 14. cxd4 d5 $11) 12... Bxg5 13. Bxg5 f6 14. Be3 O-O-O $11 {Ivanchuk - Wang
Yue (Sofia, 2009). Stellungen mit dieser Bauernstruktur und diesem
Materialverhältnis wurden schon öfters gespielt. Das übliche Ergebnis hier ist
ein Remis.}) (10... O-O-O 11. Bb5 a6 12. Ba4 Bf6 13. Bd4 Bxd4 14. cxd4 Bd5 $11
{Belov - Belozerov (Tomsk, 2006)}) 11. Be2 (11. Bb5 a6 {Am besten klärt man
die weißen Pläne bezüglich seines weißfeldrigen Läufers.} 12. Ba4 (12. Bxc6
Qxc6 13. Bd4 (13. Nd4 Qxg2 $15) 13... Bxd4 14. cxd4 (14. Nxd4 Qxg2 $15 {
Da Schwarz demnächst lang rochiert, hat er nichts zu befürchten, es ist eher
Weiß, der sich um den Ausgleich Gedanken machen muss.}) 14... Qd5 15. b3 O-O-O
$11) 12... O-O 13. Nd4 Bd5 14. f3 b5 15. Bb3 Bxb3 16. Nxb3 Qf5 $11 {Es ist
nichts von einem möglichen weißen Vorteil zu sehen.}) (11. h4 h6 $11 {Typische
Reaktion - man sollte Weiß nicht zu Ng5 lassen, falls er mit dem Bauern nehmen
kann.}) 11... O-O-O 12. Nd4 (12. Ng5 Bxg5 13. Bxg5 f6 $11 {Die Stellung wurde
schon hundert mal gespielt, Weiß verfügt über einen symbolischen Vorteil,
Schwarz sollte jedoch problemlos ein Remis schaffen.}) 12... Bxd4 $1 {Die
beste Fortsetzung, hier hat Weiß überhaupt keinen Vorteil.} (12... Nxd4 13.
Bxd4 Bxd4 14. Qxd4 c5 15. Qf4 d5 16. Bf3 $36 {Obwohl die Stellung für Schwarz
noch im grünen Bereich liegt, hat Weiß doch gewissen Druck aufbauen können.})
13. cxd4 (13. Bxd4 f6 14. Be3 $11 {Man kommt wieder in diese Stellung rein,
die sehr remislich ist.}) 13... d5 {Auf den ersten Blick hat Weiß den Vorteil
des Läuferpaares auf seiner Seite, doch in Wirklichkeit kann er die Vorteile
seiner Läufer nicht nutzen, weil die Stellung ziemlich geschlossen ist. Der
schwarze Läufer ist keineswegs schlecht, weil er auf f5 sehr guten Halt hat.}
14. Rhe1 Rhe8 15. f3 Bf5 16. Bf1 (16. g4 $5 {ein aggressiver Versuch} Bg6 17.
h4 h5 $1 $11 {Schwarz hat sich sehr solide aufgebaut. Demnächst spielt er ...
f6, verdoppelt seine Türme und vereinfacht die Stellung so weit wie möglich.} (
17... h6 18. h5 Bh7 19. Bf1 $14)) 16... h5 17. a3 Kb8 {Es ist nicht so klar,
wozu man diesen Zug braucht. Logischer sieht der sofortige Aufbau mit ...
f6-Re7-Rde8 aus.} (17... f6 18. b3 Re7 19. Bf2 Rde8 $11) 18. b3 Re7 19. Kb2
Rde8 20. Bf2 Rxe1 21. Bxe1 {Weiß versucht, so viele Figuren wie möglich auf
dem Brett zu behalten, denn je mehr abgetauscht werden, desto einfacher hat es
Schwarz.} a6 22. Bg3 Bg6 23. Qc3 (23. Qf4 $5 {sieht interessant aus, doch muss
die Dame bald wieder zurück:} Nd8 24. h3 Ne6 25. Qd2 f6 $11) 23... f6 24. Re1 {
Weiß hat eingesehen, dass der Turm keine Perspektive hat und tauscht ihn ab.
Man könnte noch versuchen, Aggresivität anzudeuten, indem man die Bauern nach
vorne bringt:} (24. h3 Nd8 25. Bh2 Re6 $1 26. Qd2 Rc6 27. Rc1 Ne6 $11 {Weiß
kann nichts machen.}) 24... Rxe1 25. Bxe1 Ne7 (25... Nd8 $6 {Man braucht nicht
zu experementieren.} 26. Qb4 Ne6 27. Bxa6 Qc6 28. Bd3 Bxd3 29. cxd3 $13 {
Weiß hat erstmal einen Bauer gewonnen. Ob Schwarz Kompensation hat oder nicht,
ist nicht so wichtig - er braucht solche Komplikationen nicht.}) 26. h3 (26.
Qb4 Kc8 $11) 26... Qd6 27. Qc5 {Es ist nichts zu machen.} (27. Qb4 Qxb4 28.
axb4 Nf5 $11) 27... Qxc5 28. dxc5 Kc8 {Wie es sich gehört, Schwarz aktiviert
im Endspiel seinen König.} 29. Bf2 Kd7 30. c4 Bf7 31. cxd5 Bxd5 {Das
Läuferpaar hat immer noch nichts anzugreifen - es gibt keine Schwächen im
Lager von Schwarz.} 32. h4 Ke6 33. Kc3 Nf5 34. Bd3 g5 35. hxg5 fxg5 36. g4 hxg4
37. fxg4 Nh6 38. Be3 (38. Be2 Kd7 39. Be3 Be6 40. Bf3 c6 41. Bxg5 Nxg4 $11 {
Es ist erstaunlich, dass Rybka diese Stellung mit +0.43 bewertet, wobei man
hier ruhig Remis unterschreiben kann.}) 38... Nxg4 39. Bxg5 Nf2 40. b4 Nxd3
1/2-1/2

[Event "Astrakhan FIDE GP"]
[Site "Astrakhan"]
[Date "2010.05.22"]
[Round "11"]
[White "Jakovenko, Dmitrij"]
[Black "Gelfand, Boris"]
[Result "1/2-1/2"]
[WhiteElo "2725"]
[BlackElo "2741"]
[Annotator "Kritz,L"]
[PlyCount "106"]
[EventDate "2010.05.10"]
[EventType "tourn"]
[EventRounds "13"]
[EventCountry "RUS"]
[EventCategory "20"]
[SourceTitle "CBM 137"]
[Source "ChessBase"]
[SourceDate "2010.07.15"]
[SourceVersion "1"]
[SourceVersionDate "2010.07.15"]
[SourceQuality "1"]

1. e4 e5 2. Nf3 Nf6 3. Nxe5 d6 4. Nf3 Nxe4 5. Nc3 Nxc3 6. dxc3 Be7 7. Be3 O-O
8. Qd2 Nd7 9. O-O-O Ne5 10. h4 $1 c6 $5 11. Kb1 Bg4 12. Be2 Nxf3 (12... Qa5 $2
13. Nxe5 Bxe2 14. Nxc6 bxc6 15. Qxe2 Rab8 16. b3 $16 Qxc3 $4 17. Bd4 Qb4 18.
Qxe7 $18) 13. Bxf3 Bxf3 14. gxf3 Qa5 {Die Dame will eines der beiden
Schlüsselfelder, f5 oder h5, einnehmen, und damit den weißen Angriff
neutralisieren.} 15. h5 Qf5 16. Rdg1 (16. h6 g6 17. Qd4 f6 $1 (17... Bf6 18.
Qxd6 Qxf3 19. Bf4 Bh8 20. Be5 $1 $16) (17... Qf6 18. Qxf6 Bxf6 19. Rxd6 $16)
18. f4 {Den Bauern sollte man nicht geben - Weiß hat keine ausreichende
Kompensation dafür.} (18. c4 Qxf3 $15) 18... d5 $11 {Beide Seiten haben ihre
Stärken und Schwächen, die Stellung hält sich im Gleichgewicht.}) 16... f6 $1 {
Sieht verrückt aus, ist aber ein sehr starker Zug. Weiß hat keinen
weißfeldrigen Läufer, um die Schwäche der weißen Felder im schwarzen Lager
auszunutzen. Schwarz seinerseits will den König mittels Rf7-Bf8 sichern, und
auch d5 spielen.} (16... Bf6 $2 17. Qxd6 $16) 17. Rg4 Qxf3 $2 {Dieser Zug ist
zweifelhaft. Die weiße Initiative scheint sehr stark zu sein.} (17... Rf7 18.
Rf4 (18. Rhg1 $2 {Nun kann Weiß die Türme nicht verdoppeln, weil der Bauer h5
hängt.} Qxh5 $15) (18. h6 g6 $11 {Es ist nicht zu sehen, wie Weiß mit seinem
Angriff vorankommen kann.}) 18... Qe6 19. Re4 Qf5 20. Rf4 Qe6 $11 {Radjabov -
Wang Yue (Astrakhan, 2010)}) 18. Rhg1 {Die nächsten Züge sind erzwungen.} Rf7
19. Bh6 Bf8 20. Bxg7 $1 Rxg7 (20... Bxg7 21. Qh6 $18) 21. Rxg7+ Bxg7 22. h6 (
22. Qh6 $4 Qd1+ 23. Rxd1 Bxh6 $19) 22... Kh8 $1 {Schwarz darf es nicht
zulassen, dass der weiße Turm auf die siebte Reihe kommt.} (22... Re8 23. Rxg7+
Kh8 24. b3 $18) 23. Rxg7 $2 {Schwer zu sagen, warum Weiß nicht mit dem Bauern
nimmt. Es könnte sein, dass er die Verteidigung von Schwarz unterschätzt hat.}
({Nach} 23. hxg7+ $1 Kg8 24. Qxd6 {hätte der Nachziehende eine sehr schwere
Stellung gehabt:} Re8 (24... Qf5 25. Qe7 $18) 25. Qd7 Qe2 26. b3 $18 {Die
schwarze Stellung scheint hoffnungslos zu sein.}) 23... Rg8 $1 {Schwarz zwingt
Weiß die Türme zu tauschen. Im Damenendspiel hat Weiß zwar einen kleinen
Vorteil, die Remischancen von Schwarz sind jedoch sehr groß.} 24. Rxg8+ Kxg8
25. Qe1 (25. b3 $5 Kf7 $1 {Es ist der sicherste Remisweg, den Bauern h6 zu
erobern und den h-Bauern laufen zu lassen.} 26. Qxd6 Kg6 27. Qd7 Kxh6 28. Qxb7
Kg6 29. Qxa7 h5 $11 {Die Anzahl der Bauern spielt nicht so eine große Rolle.
Der schwarze Bauer hat als erster seinen Lauf begonnen und das gleicht die
weiße Bauernmehrheit aus.}) 25... Kf7 26. Qg1 $1 {Weiß verhindert, dass
Schwarz den Bauern h6 angreifen kann.} Qh5 27. Qg7+ Ke6 28. b3 Qf7 {Es droht
29....Qxg7-Kf7} 29. Qh8 Kf5 {Es geht um die h-Bauern, die Bauern am
Damenflügel sind nicht so wichtig.} 30. Qg7 (30. Qb8 Kg6 31. Qxa7 Kxh6 32. Qe3+
Kh5 33. Qf3+ Kg5 34. Qg3+ Kf5 35. Qxd6 h5 $11 {Schwarz steht zumindest nicht
schlechter.}) 30... Ke6 31. Qg4+ f5 32. Qc4+ d5 33. Qe2+ Kf6 34. f4 {Die
Stellung ist Remis, es ist eher Schwarz, der hier auf Vorteil spielen kann -
sollte Weiß einen ungenauen Zug machen, so fällt der Bauer h6.} Qf8 35. Kb2 Kg6
(35... Qxh6 36. Qe5+ Kg6 (36... Kf7 37. Qxf5+ Ke7 38. Qc8 Qxf4 39. Qxb7+ Ke6
40. Qxa7 h5 41. a4 h4 42. Qb7 $1 h3 43. Qc8+ $18) 37. Qe6+ Kh5 38. Qxf5+ Kh4
39. Qf7 Kg4 40. Qxb7 Kxf4 41. Qxa7 Qg6 42. a4 $18 {Der weiße Bauer läuft als
erster und sein König ist sicher gegen Schachgebote - so ein Endspiel ist
natürlich verloren, trotz des schwarzen h-Bauern.}) 36. Qg2+ Kf6 (36... Kxh6 $4
37. Qg5#) 37. Qg5+ Ke6 38. a4 (38. Qg7 $4 {funktioniert nicht} Qxg7 39. hxg7
Kf7 $19) 38... b6 39. Qh5 {Im Rest der Partie passiert überhaupt nichts - Weiß
hat keinen Plan durchzuführen.} Kf6 40. Qh4+ Kf7 41. Qh3 Kg6 42. Qg3+ Kf7 43.
Qg5 Ke6 {Diese Stellung hatten wir schon mal.} 44. Kb1 Qh8 45. Qh5 a5 46. Qh3
c5 47. Qe3+ Kf7 48. Qd3 Qf6 49. Qxd5+ Kg6 50. Qh1 Qd8 {Die Stellung ist Remis
trotz des weißen Mehrbauern, weil Schwarz nun das Feld g5 kontrolliert und die
weiße Dame deswegen an die Verteidigung des Bauern h6 gebunden ist.} 51. Kb2
Qf6 52. Ka2 Qd8 53. Kb2 Qf6 1/2-1/2

[Event "Dortmund SuperGM 41st"]
[Site "Dortmund"]
[Date "2013.07.27"]
[Round "2"]
[White "Wang, Hao"]
[Black "Fridman, Daniel"]
[Result "1-0"]
[WhiteElo "2752"]
[BlackElo "2629"]
[Annotator "Kritz,L"]
[PlyCount "95"]
[EventDate "2013.07.26"]
[EventType "tourn"]
[EventRounds "9"]
[EventCountry "GER"]
[EventCategory "19"]
[SourceTitle "CBM 156"]
[Source "ChessBase"]
[SourceDate "2013.09.17"]
[SourceVersion "1"]
[SourceVersionDate "2013.09.17"]
[SourceQuality "1"]

1. e4 e5 2. Nf3 Nf6 3. Nxe5 d6 4. Nf3 Nxe4 5. Nc3 Nxc3 6. dxc3 Be7 {Weiß kann
wählen, wo er den Läufer haben möchte - auf e3 oder auf f4. Falls Schwarz den
Plan mit der langen Rochade wählt, spielt es keine große Rolle. Falls Schwarz
jedoch 0-0 vorhat, gibt es einige Unterschiede.} 7. Be3 (7. Bf4 O-O 8. Qd2 Nd7
9. O-O-O Nc5 10. Be3 {Weiß verliert Zeit} (10. Nd4 Ne6 11. Be3 Nxd4 12. cxd4
Bf5 $11) 10... Re8 $11) 7... Nc6 8. Qd2 O-O {Ich glaube, das ist nicht die
prinzipiellste Fortsetzung. Die Stellung von Schwarz ist so solide, wenn er
Be6-Qd7-0-0-0 spielt, dass es fraglich ist, warum er zusätzliche Risiken in
Kauf nehmen sollte.} (8... Be6 $5 9. O-O-O Qd7 10. Ng5 (10. h4 h6 11. Bb5 a6
12. Ba4 b5 13. Bb3 Bf6 14. Qe2 O-O-O 15. c4 Na5 $11 16. c5 Nxb3+ 17. axb3 Qc6
18. cxd6 Bxb3 19. Nd4 Bxd4 20. Rxd4 Rxd6 21. Rxd6 cxd6 22. Rd1 Be6 23. Qd3 Rd8
24. f3 Rd7 25. Bf4 Kb7 26. Bxd6 g6 27. Qe4 Bf5 28. Qxc6+ Kxc6 29. Bf4 Rxd1+ 30.
Kxd1 h5 {1/2-1/2 Shirov,A (2722)-Giri,A (2686)/Wijk aan Zee 2011/CBM 141})
10... Bxg5 11. Bxg5 f6 12. Be3 O-O-O $11) 9. O-O-O Ne5 10. Kb1 {Weiß besitzt
mehrere Möglichkeiten, aber im Grunde genommen ändert sich nicht viel an dem
Spielverlauf.} (10. h4 c6 {Schwarz will Qa5-Be6 spielen und seine Figuren
schnell entwickeln.} 11. Kb1 Qa5 12. Nxe5 dxe5 13. Bc4 b5 14. Bb3 Qc7 15. Bg5
a5 $132 {1/2-1/2 Caruana,F (2757)-Fridman,D (2667)/Baden-Baden 2013/CB07_2013 
(41)}) (10. Nd4 c5 11. Nf3 {Weiß hat die Schwäche auf d6 provoziert} (11. Nb5
Be6 12. Nxd6 Qb6 $44) 11... Be6 12. a3 Ng4 13. Bf4 d5 $132 {1/2-1/2 Salgado
Lopez,I (2626)-Kasimdzhanov,R (2681)/Moscow 2011/CBM 141 Extra (34)}) 10... b6
{Ein seltener Zug. Sicherlich kann man den Läufer nach b7 stellen, aber das
Problem ist, dass er dort wenig leistet.} (10... Re8 $5 {Das sieht am
logischsten aus. Schwarz will auf f3 nehmen und den Läufer nach f8 stellen.}
11. Nxe5 dxe5 12. Bd3 c6 13. Qe2 Qc7 14. f3 Be6 $11 {1/2-1/2 Giri,A (2734)
-Ivanchuk,V (2753)/Leon 2013/CB23_2013 (47)}) (10... c6 11. Nxe5 dxe5 12. Bd3
Qa5 13. Qe2 Be6 $132 {1-0 Karjakin,S (2786)-Frolyanov,D (2563)/Moscow 2013/
CB07_2013 (35)}) 11. h4 $5 {Ein neuer Zug. Weiß ignoriert einfach den Plan von
Schwarz. Ich glaube, dass Weiß nach 11.Nd4 auch etwas besser steht.} (11. Nd4
Bb7 12. h3 a6 13. f4 Nd7 14. Nf5 Re8 15. Rg1 Nc5 16. Bxc5 bxc5 17. g4 Bf8 18.
Bc4 $14 {1/2-1/2 Adams,M (2707)-Bacrot,E (2717)/Wijk aan Zee 2006/CBM 111 (39)}
) 11... Bb7 12. Nd4 (12. Be2 Ng4 13. h5 Nxe3 14. Qxe3 Bf6 $132) 12... Qd7 {
Hier bringt ...Ng4 nichts, weil der Läufer weggehen kann und Weiß danach f3
spielen wird.} (12... Ng4 13. Bf4 $14) (12... Bxh4 {Solchen Bauer will man
normalerweise nicht nehmen.} 13. Be2 Bf6 14. f4 $44) 13. f4 $1 {Das sieht sehr
verdächtig aus, weil das Feld g4 geschwächt wird, doch in Wirklichkeit bekommt
Weiß gutes Spiel.} Ng4 14. Bb5 Qc8 (14... c6 15. Bd3 Nxe3 16. Qxe3 Bf6 17. Nf5
$14 {und Schwarz hat auch noch die Schwäche auf d6.}) 15. Bd3 Nxe3 (15... c5
16. Nf5 (16. Bf5 $2 cxd4 17. Bxc8 dxe3 18. Qe2 (18. Bxb7 exd2 19. Bxa8 Rxa8 20.
Rxd2 f5 $19) 18... Bxc8 $19) 16... Re8 17. Rhe1 $14) 16. Qxe3 Bf6 17. Nf5 Re8
18. Qf2 Qe6 19. Rhe1 Qd7 20. g4 {Der Plan von Weiß ist klar - er will den
schwarzen König angreifen. Schwarz muss daher Figuren tauschen.} Rxe1 21. Rxe1
Re8 22. Rxe8+ Qxe8 {Diese Stellung ist schon einfacher zu verteidigen, weil
nicht mehr so viele Figuren auf dem Brett sind und Weiß keinen Mattangriff
organisieren kann.} 23. g5 Bd8 24. b4 $1 {Wir sind im Endspiel und der weiße
König fühlt sich wohl. Es macht daher Sinn, die Bauern auf die Felder der
anderen Farbe als des eigenen Läufers zu stellen.} Bc8 (24... f6 $1 {Schwarz
muss versuchen, die Stellung irgendwie zu öffnen. Jeder Bauerntausch ist zu
seinen Gunsten.} 25. Kb2 a6 26. Qd4 Kf8 {Die Stellung ist sehr solide.}) 25.
Ne3 {Wenn Weiß um Vorteil kämpfen will, muss er den Springer behalten.} (25.
Qd4 Bxf5 26. Bxf5 g6 27. Bd3 Qe6 28. Bc4 c5 $11) 25... c6 26. f5 f6 $6 {
Das sieht logisch aus, aber nun bekommt Weiß klares Spiel. Eine gute
Alternative war 26...d5!} (26... d5 $1 27. Qf4 (27. f6 $6 Qe5 28. fxg7 Qxc3 $15
) 27... Qe7 $11 28. Qb8 $2 Qc7 29. Qa8 Qb7 $17) 27. Qf4 b5 {Schwarz nimmt das
Feld c4 unter Kontrolle.} (27... Qe5 $2 28. Qc4+ Kf8 29. Qxc6 $18) (27... d5 $5
28. b5 Bd7 29. Ng4 cxb5 30. Qd6 $36) 28. Ng4 Qe7 $2 {Das ist ein bedeutsamer
Fehler. Schwarz bekommt eine statische und dazu noch schwache Bauernstruktur.}
29. gxf6 $1 gxf6 30. Kb2 (30. Qg3 Kh8 (30... Kf8 31. Nh6 Ke8 32. Qg8+ Kd7 33.
Nf7 $16) 31. Nh6 Qf8 32. Qxd6 $1 Qxd6 33. Nf7+ Kg7 34. Nxd6 Bd7 35. Be4 $14)
30... d5 $2 {Die Bauernstruktur ist nun sehr unbeweglich.} (30... h5 $1 31. Nh2
Bd7 32. Qg3+ Kh8 $11) 31. Qg3 Kf8 (31... Kh8 32. Nh6 Qf8 33. Qb8 Bb6 34. h5 $14
) 32. Nh6 Ke8 33. Qg8+ Kd7 34. a3 $1 {Schwarz wollte ...d4 spielen.} (34. Nf7
Bb6 35. Qxh7 d4 36. Qg7 dxc3+ 37. Kxc3 Qe1+ 38. Kb3 Qb1+ 39. Kc3 Qe1+ $11)
34... Bb6 $2 (34... a5 $1 {Man sollte die weißen Bauern am Damenflügel
schwächen, um doch ...d4 vorzubereiten.}) 35. Qh8 $1 {Nun droht Ng8-Nxf6.} Bd8
(35... d4 36. c4 bxc4 37. Ng8 Qe1 (37... cxd3 38. Nxe7 d2 39. Qxc8+ Kxe7 40.
Qe6+ Kf8 41. Qe2 $18) 38. Nxf6+ Kc7 39. Be4 $18) 36. h5 {Der Bauer kommt näher
ans Verwandlungsfeld.} Kc7 $2 {Hier steht der König furchtbar! Stärker wäre
wieder ...a5!} (36... a5 $11) 37. Qg8 {Nun hat Schwarz keine Zeit, um die
Drohung Nf7-Qxh7 abzuwehren.} Kb7 38. Nf7 Bc7 39. Qxh7 $18 {Und die Stellung
ist verloren.} a5 {Das kommt offensichtlich zu spät.} 40. bxa5 Kb8 41. Qg8 Bxa5
42. h6 Qe1 43. Nd6 Bxc3+ 44. Kb3 Kc7 45. Qxc8+ Kxd6 46. Qe6+ Qxe6 47. fxe6 Be5
48. Bf5 1-0